Juliáles 2014

Bibliographic Details
Format: Article
Language:Slovak
PhysicalDescription:Fotogr.
Subjects:

MARC

LEADER 00000nab a2200000 a 4500
001 vtls010650284
003 SK-MaSNL
005 20260305031448.0
008 150128 2014 xo 000 0 slo
038 |a PPPK 
040 |a PPPKCL  |b slo  |c PPPK  |e AACR2 
041 0 |a slo 
044 |a xo  |c SK 
080 |a 352:394.2:398  |2 2001 
245 0 0 |a Juliáles 2014  |c [text a foto] Odd. kultúry v Lendaku 
300 |b Fotogr. 
611 2 7 |a Juliáles  |n (7. :  |d 2014 :  |c Lendak, Slovensko)  |2 pppkcl  |9 1609516 
648 7 |a 20.7.2014  |2 pppkcl  |9 1247003 
650 0 7 |a folklór  |2 pppkcl  |9 19213 
650 0 7 |a folklórne slávnosti  |2 pppkcl  |9 74761 
650 0 7 |a obce  |2 pppkcl  |9 2935 
651 7 |a Lendak (Slovensko)  |2 pppkcl  |9 54521 
651 7 |a Kežmarok (Slovensko : okres)  |2 pppkcl  |9 51824 
773 0 |t Lendak : občasník o živote obyvateľov obce  |g Roč. XVIII, č. 2 (2014), s. 13 
852 |a PPPK  |b KIS3GCP 
999 |c 3316193  |d 3318123